| 000 | 00948nac a22003137a 4500 | ||
|---|---|---|---|
| 001 | BR0301911 | ||
| 003 | BR-BrBNA | ||
| 005 | 20240105122806.0 | ||
| 008 | 230509b bl.|||m| |||| 00| 0 por d | ||
| 040 |
_aBR-BrBNA _bpor _cBiblioteca Nacional de Agricultura |
||
| 072 | _aE14; E50 | ||
| 090 | _aE14 BR0301911 | ||
| 100 | 1 | _aSá C.P. de | |
| 100 | 1 | _aSantos, J.C. dos | |
| 100 | 1 | _aValentim, J.F. | |
| 100 | 1 | _aNascimento, G.C. do | |
| 110 | 1 | _aEMBRAPA Acre, Rio Branco (Brasil) | |
| 245 | 1 | _aBalanço Social da EMBRAPA Acre - 1999 | |
| 260 | 3 |
_aRio Branco, AC (Brasil): _c2001. |
|
| 300 | _a22 p. | ||
| 490 |
_aDocumentos - EMBRAPA Acre (Brazil) _vno. 66 _xISSN 0104-9046 |
||
| 650 | _aDIFUSÃO DE TECNOLOGIA | ||
| 650 | _aTECNOLOGIA APROPRIADA | ||
| 650 | _aAGRICULTURA FAMILIAR | ||
| 650 | _aREFORMA AGRÁRIA | ||
| 650 | _aDESENVOLVIMENTO SOCIAL | ||
| 909 |
_a202312 _bLúcia Elande _c55 _dLúcia Elande |
||
| 942 |
_2AGRIS _n0 _cMS |
||
| 999 |
_c292844 _d292844 |
||